000 00943nas a2200265 4500
001 BR9000215
003 BR-BrBNA
005 20231205091756.0
007 ta
008 230509b bl.|||p| |||| 00| 00por d
040 _aBR-BrBNA
_bpor
_cBiblioteca Nacional de Agricultura
041 _a(Pt)
072 _aH10
100 1 _aSantos, G.P.
100 1 _aAnjos, N. dos
100 1 _aZanuncio, J.C.
245 1 _aBiologia de Eustema sericea Schaus, 1922 (Lepidoptera: Notodontidae), desfolhadora de sobrasil Colubrina rufa (Rhamnaceae)
246 1 _aBiology of Eustema sericea Schaus, 1922 (Lepidoptera; Notodontidae), desfoliator of sobrasil Colubrina rufa (Rhamnaceae)
650 _aSOBRAJI
650 _aLEPIDOPTERO
650 _aBIOLOGIA
773 0 _tAnais da Sociedade Entomologica do Brasil (Brazil)
_xISSN 0301-8059
_g(1989), v. 18(2) p. 247-256
_wBR9000215
909 _a202311
_bLúcia
_c55
_dLúcia Elande
942 _2AGRIS
_n0
_cANA
999 _c127266
_d127266